000 01619cam a22004814i 4500
003 PE-LiUPU
005 20250731173533.0
008 150616s r 000 0 d
020 _a0801038375
035 _a(Sirsi) i9780801038372
040 _aPE-LiUPU
_bspa
_cPE-LiUPU
_erda
049 _aPRUA
082 0 4 _a222.1106
_bG25
_221
100 1 _aGarrett, Duane A.,
_eautor.
245 1 0 _aRethinking Genesis /
_cDuane A. Garret.
264 1 _aGrand Rapids, Michigan :
_bBaker Books,
_c1991.
300 _a273 páginas ;
_c21 centímetros
336 _atext
_2rdacontent
337 _aunmediated
_2rdamedia
338 _avolume
_2rdacarrier
504 _aIncluye bibliografía.
505 0 _aThe higher criticism of Genesis.- The structure and sources of Genesis.- The authorship and composition of Genesis.
526 _aSEG42
526 _aSEG41
526 _aSEG40
526 _aSEG39
526 _aP94
526 _aP87
526 _aP86
526 _aP85
526 _aP77
526 _aP76
526 _aP35
630 _aBiblia.
_pA.T.
_PG énesis
_xCrítica, interperetación, etc.
650 0 4 _a
910 _ajck
_bjvq
_cjck
942 _2ddc
_cBOOK
949 _a222.1106 G25
_wDEWEY
_c1
_i42320
_lCCODEBUL1
_mBUL
_r0
_sY
_tBOOK
_u2015-6-16
_xTEOLOGIA
_zUNKNOWN
_0COMPRA
_o.STAFF. Colección General
994 _aC0
_bPEPRU
596 _a1
999 _a222.1106 G25
_wDEWEY
_c60152
_i42320
_f2021-11-9
_g6
_lCCODEBUL1
_mBUL
_r0
_sY
_tBOOK
_u2015-6-16
_xTEOLOGIA
_zUNKNOWN
_0COMPRA
_o.STAFF. Colección General
_d60152
980 _81
_gALBERTO SANCHEZ Responsable de Automatización